Il tempio

Saved in:
書目詳細資料
主要作者: Spender Stephen
格式: 圖書
語言:Undetermined
出版: Milano Es 1999
標簽: 添加標簽
沒有標簽, 成為第一個標記此記錄!

MARC

LEADER 00000nam a2200000Ia 4500
001 224
003 NUMERAZIONE-ORIGINALE-BRESCIA
005 20260206230750.0
008 260206s9999 xx 000 0 und d
100 |a Spender Stephen 
245 0 |a Il tempio 
260 |a Milano 
260 |b Es 
260 |c 1999 
500 |a Biblioteca dell'Eros 
942 |2 ddc  |c BK  |n 0 
952 |0 0  |1 0  |2 ddc  |4 0  |6 23  |7 0  |9 28424  |a BS  |b BS  |d 2026-02-06  |i 224  |l 0  |o 2-3-*  |r 2026-02-06 22:40:35  |w 2026-02-06  |x [REVISIONARE]  |y BK 
999 |c 24105  |d 24105